000 00639nam a2200193Ia 4500
001 16871
003 GE_BSU
008 181216s||||||||xx |||||||||||||| ||und||
040 _cGE_BSU
080 _a821.353.1-4
100 _aბუაჩიძე, თენგიზ
245 _aმცირე პროზა ანუ ესეისტური ჩანაწერები
260 _aთბილისი
260 _bმერანი
260 _c1986
300 _a230გვ. ; 20სმ
653 _aმცირე პროზა ანუ ესეისტური ჩანაწერები
942 _cBK
999 _c49935
_d49935